Do You Know Your Abbreviations? - Statistics

General Stats
  • This quiz has been taken 800 times
    778 since last reset
  • The average score is 11 of 15
Answer Stats
Abbreviation Stands for % Correct
asap as soon as possible
91%
btw by the way
91%
rip rest in peace
88%
omg oh my god
84%
ty thank you
84%
gtg got to go
79%
nvm never mind
78%
lol laugh out loud
77%
aka also known as
72%
atm at the moment
69%
tbh to be honest
69%
wdym what do you mean
69%
afk away from keyboard
50%
hru how are you
39%
ac air conditioning
12%
No matching quizzes found
Score Distribution
Percent of People with Each Score
Percentile by Number Answered
Your Score History
You have not taken this quiz since the last reset